Jak inaczej nazwiemy błąd? - Statystyki

Ogólne statystyki
  • Ten quiz został rozwiązany 16 razy
  • Średni wynik to 1 z 6
Statystyki odpowiedzi
Hint Odpowiedź % Poprawnych
3. Pomyłka
87%
2. Gafa
27%
6. Byk
20%
1. Error
13%
5. Nieprawidłowość
0%
4. Nieścisłość
0%
Nie znaleziono quizów pasujących do podanych kryteriów
Rozkład punktacji
Procent ludzi z każdym wynikiem
Percentyl według liczby udzielonych odpowiedzi
Twoja historia wyników
Nie rozwiązałeś tego quizu